Dictionnaire alphabetique et analogique de la langue francaise : (رقم التسجيلة. 104870)
[ عرض عادي ]
| 000 -LEADER | |
|---|---|
| fixed length control field | 00746cam a2200229 a 4500 |
| 003 - CONTROL NUMBER IDENTIFIER | |
| control field | EG-GiCUC |
| 008 - FIXED-LENGTH DATA ELEMENTS--GENERAL INFORMATION | |
| fixed length control field | 830321s1966 fr b 000 0 fre |
| 040 ## - CATALOGING SOURCE | |
| Original cataloging agency | DLC |
| Transcribing agency | FJUNF |
| Modifying agency | FJUNF |
| -- | OCoLC |
| -- | DLC |
| 050 00 - LIBRARY OF CONGRESS CALL NUMBER | |
| Classification number | PC2625 |
| Item number | .R552 1966 |
| 092 04 - LOCALLY ASSIGNED DEWEY CALL NUMBER (OCLC) | |
| Classification number | 443 |
| Item number | R6424 1966 |
| Edition number | 21 |
| 099 ## - LOCAL FREE-TEXT CALL NUMBER (OCLC) | |
| Classification number | 04 |
| -- | 443 R6424 1966 |
| 100 1# - MAIN ENTRY--PERSONAL NAME | |
| Personal name | Robert, Paul, |
| Dates associated with a name | 1910-1980 |
| 245 10 - TITLE STATEMENT | |
| Title | Dictionnaire alphabetique et analogique de la langue francaise : |
| Remainder of title | les mots et les associations d'idees / |
| Statement of responsibility, etc. | par Paul Robert. |
| 260 ## - PUBLICATION, DISTRIBUTION, ETC. | |
| Place of publication, distribution, etc. | Paris : |
| Name of publisher, distributor, etc. | Societe du nouveau Littre; |
| Date of publication, distribution, etc. | 1966. |
| 300 ## - PHYSICAL DESCRIPTION | |
| Extent | 6v. ; |
| Dimensions | 26 cm. |
| 590 ## - LOCAL NOTE (RLIN) | |
| Local note | Library has vol. 2,3,6 only. |
| 650 #0 - SUBJECT ADDED ENTRY--TOPICAL TERM | |
| Topical term or geographic name entry element | French language |
| Form subdivision | Dictionaries. |
| 902 ## - LOCAL DATA ELEMENT B, LDB (RLIN) | |
| No. of Items | 1 |
| 905 ## - LOCAL DATA ELEMENT E, LDE (RLIN) | |
| Cataloger | Ibrahim |
| Reviser | Rev. |
| 905 ## - LOCAL DATA ELEMENT E, LDE (RLIN) | |
| Cataloger | Jamal |
| Reviser | Cat. |
| 942 ## - ADDED ENTRY ELEMENTS (KOHA) | |
| Source of classification or shelving scheme | Dewey Decimal Classification |
| Koha item type | Reference |
| Source of classification or shelving scheme | Not for loan | Home library | Current library | Date acquired | Full call number | Barcode | Date last seen | Copy number | Koha item type |
|---|---|---|---|---|---|---|---|---|---|
| Dewey Decimal Classification | المكتبة المركزبة الجديدة - جامعة القاهرة | قاعة المراجع - الدور الثاني | 11.02.2024 | 443 R64424 1966 v.2 Ref. | 01000110142680002 | 23.09.2023 | C.1 | Reference | |
| Dewey Decimal Classification | المكتبة المركزبة الجديدة - جامعة القاهرة | قاعة المراجع - الدور الثاني | 11.02.2024 | 443 R64424 1966 v.3 Ref. | 01000110142680003 | 23.09.2023 | C.1 | Reference | |
| Dewey Decimal Classification | المكتبة المركزبة الجديدة - جامعة القاهرة | قاعة المراجع - الدور الثاني | 11.02.2024 | 443 R64424 1966 v.6 Ref. | 01000110142680006 | 23.09.2023 | C.1 | Reference |